Ajuntament de Ripoll : cursos de vacances cursos de vacances
Descripción Física:
[8] p. : il. ; 21 cm
Materias:
Cursos d'estiu -- Ripoll
MARC
| LEADER | 00000nam a2200000Ia 4500 | ||
|---|---|---|---|
| 001 | 19545 | ||
| 008 | 160829s1933 xx 000 0 cat d | ||
| 080 | |a 4170, exp. 123 | ||
| 245 | |a Ajuntament de Ripoll : |b cursos de vacances | ||
| 260 | |a Ripoll : |b Impremta Santa Maria, |c 1933 | ||
| 300 | |a [8] p. : |b il. ; |c 21 cm | ||
| 590 | |a A la portada: Any segon - 1933, del dia 1 al 24 d'agost | ||
| 650 | |a Cursos d'estiu |x Ripoll |9 48191 | ||
| 710 | 1 | |a Ripoll (Catalunya). |b Ajuntament |9 55220 | |
| 901 | |a Arxiu | ||
| 942 | |n 1 | ||
| 952 | |0 0 |1 0 |4 0 |6 4170_EXP_123 |7 1 |9 54376 |a Arxiu |b Arxiu |d 2016-12-01 |l 0 |o 4170, exp. 123 |p 19545 |r 2016-12-01 00:00:00 |w 2016-12-01 |y ARXIU | ||
| 999 | |c 58245 |d 58245 | ||